Countries That Have It Going 'ON' Quiz Stats

Quiz Updated Aug 18, 2016

Challenge
Share
Tweet
Embed
Score 0/16 Timer 04:00
2 Plays Today
% Correct
Mongolia
69.2%
Dem. Rep. of Congo
65.9%
Gabon
63.9%
Honduras
61.9%
Rep. of Congo
59.9%
Tonga
56%
Monaco
54.1%
Montenegro
52.2%
% Correct
Indonesia
51.5%
Lebanon
50.4%
Cameroon
44.3%
Estonia
41.6%
Macedonia
36.2%
Solomon Islands
35.6%
Micronesia
27.2%
Sierra Leone
25.4%

You're not logged in!

Compare scores with friends on all Sporcle quizzes.
Sign Up with Email
OR
Log In

You Might Also Like...

Show Comments

Extras

Top Quizzes Today


Score Distribution

Your Account Isn't Verified!

In order to create a playlist on Sporcle, you need to verify the email address you used during registration. Go to your Sporcle Settings to finish the process.